Bilder nach Land - Indien - Statistiken

Allgemein
  • Dieses Quiz wurde 21 mal gespielt
  • Das Durchschnittsergebnis liegt bei 7 aus 16
Antwortstatistiken
Bildquiz Hint Antwort % Korrekt
(Sport) Cricket
95%
(Fluss) Ganges
85%
(Stadt) Mumbai
85%
(Gebäude) Taj Mahal
85%
(Politikerin) Indira Gandhi
60%
(Stadt) Kolkata
60%
(Region) Kaschmir
55%
(Nationaltier) Königstiger
55%
(Bundesstaat) Goa
35%
(Fest) Holi
30%
(Gericht) Butter chicken
25%
(Fest) Diwali
20%
(Gericht) Biryani
15%
(Gottheit) Hanuman
15%
(Schauapieler) Irrfan Khan
10%
(Gottheit) Parvati
5%
Keine übereinstimmenden Quizze gefunden
Verteilung der Resultate
Anzahl Personen mit jedem Resultat
Perzentil nach korrekt beantworteten Fragen
Ihre Resultats-Entwicklung
Sie haben dieses Quiz noch nicht gespielt